| 000 | 01034cab a2200265 4500 | ||
|---|---|---|---|
| 001 | ABS46593 | ||
| 008 | 090401t1992 xxu||||| |||| 00| 0 eng d | ||
| 035 | _a(Sirsi) u58816 | ||
| 041 | _aeng | ||
| 245 | _aWhat is meant by derelict land? | ||
| 260 | _c1992 | ||
| 350 | _a0 | ||
| 490 |
_aCS Monthly : Minerals bulletin _v1(9) June 1992, 2-3(2) |
||
| 520 | _aAttempts a definition, consious of conflicting legal social and aesthetic perceptions. Furthermore, the article identifies three reasons for land failing to achieve the conditions whereby a viable return on costs is possible: adverse geology, the consequences of mining and industrial contamination. Comments on the problems of restoration after the the Environmental Protection Act 1990. | ||
| 650 | _aCONTAMINANTS | ||
| 650 | _aDERELICT LAND | ||
| 650 | _aGROUND PROBLEMS | ||
| 650 | _aLAND RECLAMATION | ||
| 650 | _aMINEWORKINGS | ||
| 690 | _aLAND | ||
| 690 | _aPLANNING LAW AND PRACTICE | ||
| 690 | _aURBAN RENEWAL | ||
| 942 | _n0 | ||
| 948 | _c04/03/1997 | ||
| 999 |
_c35964 _d35964 |
||